00471 a2200145 4500003000500000005001700005040000900022082001600031100002200047245005200069260003000121300001000151505015400161650001000315Nust20230525122935.0 cNust a822.23, PLI aPlimpton,George A aThe Education Of ShakespearecGeorge A Plimpton aLondonbOxford university a140:p aIntroduction (Page-3), Teachers In Shakespeare Day (Page-7), Courses Of Study In Shakespeare Day (Page-45), The Textbook Of Shakespeare Day(Page-47). aDrama